Score 0/5 Timer 00:30
0 Plays Today
% Correct
Indiana
92.4%
Pennsylvania
92%
Kentucky
88.7%
Michigan
86.1%
West Virginia
86.1%
Remove Ads.
Support Sporcle.
Get the best of Sporcle when you Go Orange. This ad-free experience offers more features, more stats, and more fun while also helping to support Sporcle. Thank you for becoming a member.

You're not logged in!

Compare scores with friends on all Sporcle quizzes.
OR
Log In

Show Comments

Extras

Created Sep 7, 2017ReportNominate
Tags:Border Quiz, ohio, State Borders

Top Quizzes Today


Score Distribution

Your Account Isn't Verified!

In order to create a playlist on Sporcle, you need to verify the email address you used during registration. Go to your Sporcle Settings to finish the process.

Report this User

Report this user for behavior that violates our Community Guidelines.

Details: